• 首页
  • 本馆介绍
  • 公告通知
  • 最新文献
  • 馆藏检索
  • 电子资源
  • 读者导购
  • 参考咨询
  • 我的图书馆
  • 登录
  • 详细信息显示
  • 放入我的书架
  • 预约/预借图书
  • 作者相关作品
  • 分类相关作品
  • 丛书相关作品
  • 出版社相关作品

书目信息

  • 表格格式
  • 工作单格式
  • 卡片格式
题名:
证券市场监管与司法介入
    
 
作者: 金泽刚 著
分册:  
出版信息: 济南   山东人民出版社  2004.06
页数: 371页
开本: 20cm
丛书名:
单 册:
中图分类: D912.280.4
科图分类:
主题词: 资本市场--zi ben shi chang--监督管理--法规--研究--中国
电子资源:
ISBN: 7-209-03461-7
000 00992nam0 2200277 450
001 0104000024
005 20051124115123.1
010    @a7-209-03461-7@dCNY23.50
100    @a20081124d2004 ekmy0chiy0120 ea
101 0  @achi
102    @aCN@b370000
105    @ay a 000yy
106    @ar
200 1  @a证券市场监管与司法介入@AZheng Quan Shi Chang Jian Guan Yu Si Fa Jie Ru@f金泽刚著@FJin Ze Gang Zhu
210    @a济南@c山东人民出版社@d2004.06
215    @a371页@d20cm
300    @a公法研究
320    @a有书目(第362-368页)
330    @a本书对不同国家证券市场的法律监管进行了比较研究: 从证券监管体制、政权立法体制、证券发行与上市制度、交易制度、上市公司收购的规制、证券商制度、证券交易场所的管制等多方面进行了比较研究。
410  0 @12001 @a公法研究
606 0  @a资本市场@Azi ben shi chang@x监督管理@x法规@x研究@y中国
690    @aD912.280.4@v4
701  0 @a金泽刚@AJin Ze Gang@4著
801  0 @aCN@bHTDF@c20081124
905    @aBZT@dD912.280.4@e2@f10
906    @dCNY23.50@n0@r1
    
    证券市场监管与司法介入/金泽刚著.-济南:山东人民出版社,2004.06
    371页;20cm
    公法研究
    
    ISBN 7-209-03461-7:CNY23.50
    本书对不同国家证券市场的法律监管进行了比较研究: 从证券监管体制、政权立法体制、证券发行与上市制度、交易制度、上市公司收购的规制、证券商制度、证券交易场所的管制等多方面进行了比较研究。
●
相关链接 在五车中查询图书 在当当中查询图书 在豆瓣中查询图书


正题名:证券市场监管与司法介入     索取号:D912.280.4/2         预约/预借

序号 登录号 条形码 馆藏地/架位号 状态 备注
1 704992   2000704992   中心书库南/012架A面6层7列/ [索取号:D912.280.4/2] 在馆    
2 704993   2000704993   中心书库南/012架A面6层7列/ [索取号:D912.280.4/2] 在馆    
3 704994   2000704994   中心书库南/012架A面6层7列/ [索取号:D912.280.4/2] 在馆    
4 704995   2000704995   中心书库南/012架A面6层7列/ [索取号:D912.280.4/2] 在馆    
5 704996   2000704996   中心书库南/012架A面6层7列/ [索取号:D912.280.4/2] 在馆    
6 704997   2000704997   中心书库南/012架A面6层7列/ [索取号:D912.280.4/2] 在馆    
7 704998   2000704998   中心书库南/012架A面6层7列/ [索取号:D912.280.4/2] 在馆    
8 704999   2000704999   中心书库南/012架A面6层7列/ [索取号:D912.280.4/2] 在馆    
9 705000   2000705000   中心书库南/012架A面6层7列/ [索取号:D912.280.4/2] 在馆    
10 705001   2000705001   中心书库南/012架A面6层7列/ [索取号:D912.280.4/2] 在馆    
山东省滨州职业学院图书馆 欢迎您!
大连网信软件有限公司© 版权所有